Third time lucky? (Record no. 71212)

MARC details
000 -LEADER
fixed length control field 01131cam a2200241 4500
001 - CONTROL NUMBER
control field ABS65901
008 - FIXED-LENGTH DATA ELEMENTS--GENERAL INFORMATION
fixed length control field 020924n2002 000 0 eng u
035 ## - SYSTEM CONTROL NUMBER
System control number (Sirsi) u119830
100 ## - MAIN ENTRY--PERSONAL NAME
Personal name Parisotti, M
245 ## - TITLE STATEMENT
Title Third time lucky?
260 ## - PUBLICATION, DISTRIBUTION, ETC.
Date of publication, distribution, etc. 2002
490 ## - SERIES STATEMENT
Series statement Building
Volume/sequential designation 267(8243) 19 July 2002, 61(1)
520 ## - SUMMARY, ETC.
Summary, etc. Comments on the Society of Construction Law second draft protocol for determining extensions of time and compensation for delay and disruption. Finds that it contains some valuable advice, and improves on the first draft. Also suggests that it places too great an administrative burden on the parties in terms of programming and record-keeping. A copy of the protocol can be downloaded for free from www.eotprotocol.com.
590 ## - LOCAL NOTE (RLIN)
Local note ABS
650 ## - SUBJECT ADDED ENTRY--TOPICAL TERM
Topical term or geographic name entry element DELAY
650 ## - SUBJECT ADDED ENTRY--TOPICAL TERM
Topical term or geographic name entry element EXTENSIONS OF TIME
650 ## - SUBJECT ADDED ENTRY--TOPICAL TERM
Topical term or geographic name entry element DISRUPTION
650 ## - SUBJECT ADDED ENTRY--TOPICAL TERM
Topical term or geographic name entry element COMPENSATION
650 ## - SUBJECT ADDED ENTRY--TOPICAL TERM
Topical term or geographic name entry element SOCIETY OF CONSTRUCTION LAW DELAY AND DISRUPTION PROTOCOL
690 ## - LOCAL SUBJECT ADDED ENTRY--TOPICAL TERM (OCLC, RLIN)
Topical term or geographic name as entry element BUILT ENVIRONMENT-BUILDING CONTRACT FORMS
856 ## - ELECTRONIC LOCATION AND ACCESS
Uniform Resource Identifier <a href="https://www.eotprotocol.com">https://www.eotprotocol.com</a>
Public note View the proctocol on the Society of Construction Law website...
942 ## - ADDED ENTRY ELEMENTS (KOHA)
Suppress in OPAC 0
Holdings
Withdrawn status Lost status Source of classification or shelving scheme Damaged status Not for loan Home library Current library Shelving location Date acquired Total Checkouts Full call number Barcode Date last seen Copy number Price effective from Koha item type
    Dewey Decimal Classification     London London Journal article 24/09/2002   ABS65901 119830-1001 06/08/2019 1 06/08/2019 Journal article